书目信息 |
| 题名: |
六朝文絜译注
|
|
| 作者: | 曹明纲 撰 | |
| 分册: | ||
| 出版信息: | 上海 上海古籍出版社 1999.6 |
|
| 页数: | 268页 | |
| 开本: | 32开 | |
| 丛书名: | 中华古籍译注丛书 | |
| 单 册: | ||
| 中图分类: | I222.5 | |
| 科图分类: | ||
| 主题词: | 诗歌--中国 , 韵文--中国 | |
| 电子资源: | ||
| ISBN: | 7-5325-2549-X | |
| 000 | 00635nam0 2200229 45 | |
| 001 | 0102260866 | |
| 005 | 20031219104048.5 | |
| 010 | @a7-5325-2549-X@dCNY16.20 | |
| 100 | @a20010226d1999 km y0chiy0120 ea | |
| 101 | 0 | @achi |
| 105 | @a z 000yy | |
| 200 | 1 | @a六朝文絜译注@ALiu Chao Wen絜 Yi Zhu@f曹明纲撰@FCao Ming Gang Zhuan |
| 210 | @a上海@c上海古籍出版社@d1999.6 | |
| 215 | @a268页@d32开 | |
| 225 | @a中华古籍译注丛书 | |
| 410 | @12001 @a中华古籍译注丛书 | |
| 606 | 0 | @a诗歌@y中国 |
| 606 | 0 | @a韵文@y中国 |
| 690 | @aI222.5@v1 | |
| 701 | 0 | @a曹明纲@4撰 |
| 801 | @aCN@bTSTC@c20010226 | |
| 905 | @b294864-868@dI222.5@e421@f5 | |
| 六朝文絜译注/曹明纲撰.-上海:上海古籍出版社,1999.6 |
| 268页;32开.-(中华古籍译注丛书) |
| ISBN 7-5325-2549-X:CNY16.20 |
| ● |
| 相关链接 |
|
|
|
|
正题名:六朝文絜译注
索取号:I222.5/421
 
预约/预借
| 序号 | 登录号 | 条形码 | 馆藏地/架位号 | 状态 | 备注 |
| 1 | 0294864 | 002948644 | 第二借阅区/ [索取号:I222.5/421] | 在馆 | |
| 2 | 0294865 | 002948653 | 第二借阅区/ [索取号:I222.5/421] | 在馆 | |
| 3 | 0294866 | 002948662 | 第二借阅区/ [索取号:I222.5/421] | 在馆 | |
| 4 | 0294867 | 002948671 | 第二借阅区/ [索取号:I222.5/421] | 在馆 | |
| 5 | 0294868 | 002948680 | 第一样本阅览室/ [索取号:I222.5/421] | 在馆 |